Normal view
MARC view
Entry Personal Name
001 - CONTROL NUMBER
- control field: 19498
003 - CONTROL NUMBER IDENTIFIER
- control field: ARRUPE
005 - DATE AND TIME OF LATEST TRANSACTION
- control field: 20150908140740.0
008 - FIXED-LENGTH DATA ELEMENTS
- fixed length control field: 150908|| aca||aabn | a|a d
040 ## - CATALOGING SOURCE
- Original cataloging agency: ARRUPE
- Transcribing agency: ARRUPE
100 ## - HEADING--PERSONAL NAME
- Personal name: Serres, Michel
- General subdivision: Interviews.
670 ## - SOURCE DATA FOUND
- Source citation: Work cat.: (ARRUPE)0: Serres, Michel. 18531, Conversations on science, culture, and time /, c1995.